00719 2200241 4500001002100000005001500021035002000036245008500056100002100141250001000162300004000172260003600212082001100248084001700259020001900276600003000295600003100325600004500356504002000401990002000421990001800441990001800459INLIS00000000000466020231102100000 a0010-11230000111 aForensik Sains Pemecah Kejahatan Entolomologi Dan Palinologi /cMaryalice Walker0 aMaryalice Walker aCet 1 a112 hlm, :bilus ;c17,3 x 24,5 cm. aBandung; :bPakar Raya;,c2009. a363.25 a363.25 MAR f a978979534569-5 aPengalih Bahasa,Rudiyanto aPewajah Ulang,Deni Sarjoko aPenata Letak Ulang,Vera Prasetyaningtyas aTentang Penulis a12127/P/BL/2016 a6324/P/S/2013 a6325/P/S/2013